Verspeelde Lente / (Record no. 796277)

MARC details
000 -LEADER
fixed length control field 00510nam a22001817b 4500
003 - CONTROL NUMBER IDENTIFIER
control field 3228
005 - DATE AND TIME OF LATEST TRANSACTION
control field 20260410130048.0
008 - FIXED-LENGTH DATA ELEMENTS--GENERAL INFORMATION
fixed length control field 260410b sa ||||e |||| 00| 1 AFR d
020 ## - INTERNATIONAL STANDARD BOOK NUMBER
International Standard Book Number (hardback)
040 ## - CATALOGING SOURCE
Original cataloging agency MPL
Language of cataloging eng
Transcribing agency 3228
Description conventions Resource Description and Access
041 ## - LANGUAGE CODE
Language code of text/sound track or separate title Afrikaans
082 #0 - DEWEY DECIMAL CLASSIFICATION NUMBER
Classification number AF VANM
100 ## - MAIN ENTRY--PERSONAL NAME
9 (RLIN) 123424
Personal name Van Melle, J.
Relator term aurthor
245 ## - TITLE STATEMENT
Title Verspeelde Lente /
Statement of responsibility, etc. Author: J.van Melle
260 ## - PUBLICATION, DISTRIBUTION, ETC.
Place of publication, distribution, etc. Johannesburg
Name of publisher, distributor, etc. Nasionale Boekhandel Beperk
Date of publication, distribution, etc. © 1961
300 ## - PHYSICAL DESCRIPTION
Extent 179 pages :
Other physical details jacket ;
Dimensions 21 cm
942 ## - ADDED ENTRY ELEMENTS
Source of classification or shelving scheme Dewey Decimal Classification
item type Books
-- 245
-- Izakina Blanche
-- 245
-- Izakina Blanche
Holdings
Withdrawn status Lost status Source of classification or shelving scheme Damaged status Not for loan Collection code Home library Current library Shelving location Date acquired Total Checkouts Full call number Barcode Date last seen Price effective from item type Public note
    Dewey Decimal Classification     Fiction Middelburg Regional Library Jeremiah Madonsela Public Library Fiction 10.04.2026   AF VANM 33228018089290 10.04.2026 10.04.2026 Books 1806103